10 arts, 10 questions #5 - Culture générale - Statistiques

Statistiques générales
  • Ce quiz a été pris 259 fois
  • Le résultat moyen est 6 sur 15
Statistiques - réponses
Nom de l'art Indice Réponse % Correct
2e art :Sculpture Nom de l'île chilienne sur laquelle sont construites les Moaï ("figures de pierre" en polynésien) et nom du peuple qui les a construites Ile de Pâques
91%
1e art :Architecture Seule des 7 merveilles du monde antique à avoir survécu jusqu'à nos jours La Pyramide de Khéops
83%
4e art : Musique Nom des 3 clés utilisées pour noter les hauteurs des sons sur une partition Clé de sol
82%
4e art : Musique Nom des 3 clés utilisées pour noter les hauteurs des sons sur une partition Clé de fa
75%
4e art :Musique Nom des 3 clés utilisées pour noter les hauteurs des sons sur une partition Clé d'ut
42%
8e art : Arts médiatiques Nom de la première vidéo sortie sur YouTube en 2005 Me at the zoo
39%
6e art : Arts de la scène Célèbre mime français qui a inspiré le Moonwalk de Michaël Jackson Marcel Marceau
38%
5e art : Littérature Seul musicien à avoir reçu le Prix Nobel de littérature en 2016 Bob Dylan
27%
10e art : Jeux vidéos Marque ayant distribué le jeu "Pong" à partir de 1972 Atari
24%
9e art : Bande dessinée Héros des bandes dessinées réalisés Pierre Christin, J.-C. Mézières et Évelyne Tranlé, se déroulant au 28e siècle dans la ville de Galaxity Valérian
14%
3e art : Arts visuels Adjectif donné à une lumière dont une seule longueur d'onde porte toute l'énergie Monochromatique
13%
9e art :Bande dessinée Héros des bandes dessinées réalisés Pierre Christin, J.-C. Mézières et Évelyne Tranlé, se déroulant au 28e siècle dans la ville de Galaxity Laureline
7%
7e art : Cinéma Nom des 2 films les plus primés (10 récompenses) depuis la première cérémonie des César en 1976 1981 : Le Dernier Métro
7%
7e art :Cinéma Nom des 2 films les plus primés (10 récompenses) depuis la première cérémonie des César en 1976 1991 : Cyrano de Bergerac
5%
2e art :Sculpture Nom de l'île chilienne sur laquelle sont construites les Moaï ("figures de pierre" en polynésien) et nom du peuple qui les a construites Peuple Rapa Nui
4%
Aucun quiz correspondant
Distribution des résultats
% des personnes avec chaque résultat
Percentile par nombre de réponses
Votre historique - résultats
Vous n’avez pas pris ce quiz